[Event "HUN-chT2 Breyer 0910"]
[Site "Hungary"]
[Date "2009.12.06"]
[Round "3"]
[White "Kiss, Kinga"]
[Black "Szendeff, Miklos"]
[Result "1-0"]
[WhiteElo "2129"]
[BlackElo "2067"]
[PlyCount "51"]
[EventDate "2009.11.08"]
[EventType "team-tourn"]
[EventRounds "11"]
[EventCountry "HUN"]
[SourceTitle "EXT 2011"]
[Source "ChessBase"]
[SourceDate "2010.11.26"]
[SourceVersion "1"]
[SourceVersionDate "2010.11.26"]
[SourceQuality "1"]
[WhiteTeam "Geniusz Tata"]
[BlackTeam "Zsambek"]
[WhiteTeamCountry "HUN"]
[BlackTeamCountry "HUN"]

1. e4 c6 2. d4 d5 3. e5 Bf5 4. Nc3 e6 5. g4 Bg6 6. Nge2 Be7 7. Be3 Bg5 8. f4 Bh4+ 9. Ng3 h5 10. Bg2 Ne7 11. f5 exf5 12. g5 Nd7 13. Qd2 Nf8 14. 0-0-0 Ne6 15. Rdf1 Qb6 16. Nge2 0-0-0 17. Nf4 Bxg5 18. Nxg6 Nxg6 19. Bxg5 Rdf8 20. Rxf5 Qxd4 21. Bh3 Kc7 22. Rhf1 Qxd2+ 23. Bxd2 Kb6 24. Rxf7 Rxf7 25. Rxf7 d4 26. Na4+ 1-0

[Event "HUN-chT U18"]
[Site "Miskolc"]
[Date "2009.10.30"]
[Round "8.4"]
[White "Kiss, Kinga"]
[Black "Ngo Tan, Don"]
[Result "1-0"]
[WhiteElo "2093"]
[BlackElo "2048"]
[PlyCount "37"]
[EventDate "2009.10.26"]
[EventType "team-swiss"]
[EventRounds "8"]
[EventCountry "HUN"]
[SourceTitle "EXT 2016"]
[Source "ChessBase"]
[SourceDate "2015.10.08"]
[SourceVersion "1"]
[SourceVersionDate "2015.10.08"]
[SourceQuality "1"]

1. e4 c5 2. Nf3 g6 3. d4 cxd4 4. Nxd4 Nc6 5. Nc3 Bg7 6. Be3 Nf6 7. Bc4 0-0 8. Bb3 d6 9. f3 Bd7 10. Qd2 a6 11. 0-0-0 Rc8 12. h4 Na5 13. h5 Nxh5 14. Bh6 Nxb3+ 15. Nxb3 Be6 16. Rxh5 Bxb3 17. axb3 Bxh6 18. Rxh6 Qa5 19. Kb1 1-0

[Event "HUN-chT U18"]
[Site "Miskolc"]
[Date "2009.10.26"]
[Round "1.6"]
[White "Egresi, Mate"]
[Black "Kiss, Kinga"]
[Result "1-0"]
[WhiteElo "1790"]
[BlackElo "2093"]
[PlyCount "63"]
[EventDate "2009.10.26"]
[EventType "team-swiss"]
[EventRounds "8"]
[EventCountry "HUN"]
[SourceTitle "EXT 2016"]
[Source "ChessBase"]
[SourceDate "2015.10.08"]
[SourceVersion "1"]
[SourceVersionDate "2015.10.08"]
[SourceQuality "1"]

1. d4 c5 2. d5 e5 3. c4 d6 4. Nc3 Be7 5. e4 Bg5 6. Nf3 Bxc1 7. Qxc1 Ne7 8. Bd3 0-0 9. Qc2 Nd7 10. 0-0-0 a6 11. Qa4 b5 12. cxb5 Nb6 13. Qb3 Bd7 14. bxa6 Qc7 15. Nb5 Bxb5 16. Bxb5 Rfb8 17. Qa3 Nbxd5 18. Bc4 Nf6 19. Ng5 d5 20. exd5 Rb4 21. Qc3 Qd6 22. a3 Ra4 23. Rhe1 Ng6 24. b3 Rxa3 25. Kb2 R8xa6 26. Bxa6 Qxa6 27. Ra1 Rxa1 28. Rxa1 Qe2+ 29. Qc2 Qxc2+ 30. Kxc2 Nxd5 31. Ra8+ Nf8 32. Ne4 1-0

[Event "HUN-ch U18 Girls"]
[Site "Balatonlelle"]
[Date "2009.07.02"]
[Round "7"]
[White "Dudas, Eszter"]
[Black "Kiss, Kinga"]
[Result "1-0"]
[WhiteElo "2140"]
[BlackElo "2123"]
[PlyCount "91"]
[EventDate "2009.06.27"]
[EventType "tourn"]
[EventRounds "10"]
[EventCountry "HUN"]
[SourceTitle "EXT 2011"]
[Source "ChessBase"]
[SourceDate "2010.11.26"]
[SourceVersion "1"]
[SourceVersionDate "2010.11.26"]
[SourceQuality "1"]

1. e4 c5 2. c3 d5 3. exd5 Qxd5 4. d4 g6 5. Nf3 cxd4 6. cxd4 Bg7 7. Nc3 Qa5 8. Bf4 Nf6 9. Bc4 0-0 10. 0-0 Nc6 11. a3 Nh5 12. Be3 Bg4 13. Be2 Rfd8 14. b4 Qc7 15. Rc1 a6 16. d5 e6 17. Qb3 exd5 18. Nxd5 Qd6 19. Nb6 Rab8 20. Ng5 Be6 21. Nxe6 Qxe6 22. Qxe6 fxe6 23. Bc4 Bb2 24. Bxe6+ Kg7 25. Rb1 Bxa3 26. g4 Nf6 27. Bf4 Re8 28. Bxb8 Rxe6 29. Bg3 Bxb4 30. Rfd1 Re7 31. g5 Ne4 32. Nd5 Nc3 33. Nxe7 Bxe7 34. Re1 Nxb1 35. Rxb1 b5 36. Rc1 Nb4 37. Be5+ Kf8 38. h4 Nd3 39. Rc8+ Kf7 40. Bd4 b4 41. Kf1 b3 42. Rb8 Nb4 43. Bc3 a5 44. Ke2 a4 45. Bxb4 b2 46. Bxe7 1-0

[Event "HUN-ch U18 Girls"]
[Site "Balatonlelle"]
[Date "2009.06.28"]
[Round "2"]
[White "Kiss, Kinga"]
[Black "Dudas, Eszter"]
[Result "0-1"]
[WhiteElo "2123"]
[BlackElo "2140"]
[PlyCount "76"]
[EventDate "2009.06.27"]
[EventType "tourn"]
[EventRounds "10"]
[EventCountry "HUN"]
[SourceTitle "EXT 2011"]
[Source "ChessBase"]
[SourceDate "2010.11.26"]
[SourceVersion "1"]
[SourceVersionDate "2010.11.26"]
[SourceQuality "1"]

1. d4 Nf6 2. Nc3 d5 3. Bg5 Ne4 4. Nxe4 dxe4 5. e3 c6 6. c3 Bf5 7. f3 h6 8. Bh4 Qd5 9. f4 Nd7 10. g4 Bh7 11. c4 Qa5+ 12. Qd2 Qxd2+ 13. Kxd2 0-0-0 14. Ne2 f6 15. Kc2 g5 16. fxg5 hxg5 17. Bg3 e6 18. Bg2 Be7 19. Nc3 f5 20. Rhf1 Nb6 21. b3 Bg6 22. Be5 Rh4 23. gxf5 exf5 24. Rae1 Nd7 25. Bg3 Rh7 26. Kb2 Nf6 27. h3 Bd6 28. Bxd6 Rxd6 29. Ne2 Nh5 30. Kc3 Rf7 31. Rf2 f4 32. Nc1 f3 33. Bf1 Rh7 34. b4 Ng3 35. Rh2 Nxf1 36. Rxf1 Bf5 37. Rfh1 Rdh6 38. Nb3 Rxh3 0-1

[Event "Busevec op U20 Girls"]
[Site "Busevec"]
[Date "2009.06.14"]
[Round "7"]
[White "Kolaric, Spela"]
[Black "Kiss, Kinga"]
[Result "0-1"]
[WhiteElo "1905"]
[BlackElo "2123"]
[PlyCount "104"]
[EventDate "2009.06.11"]
[EventType "swiss"]
[EventRounds "7"]
[EventCountry "CRO"]
[SourceTitle "CBM 130 Extra"]
[Source "ChessBase"]
[SourceDate "2009.07.02"]
[SourceVersion "2"]
[SourceVersionDate "2009.07.15"]
[SourceQuality "1"]

1. e4 d5 2. exd5 Qxd5 3. Nc3 Qa5 4. d4 Nf6 5. Bc4 Bg4 6. f3 Bh5 7. Nge2 Nc6 8. Bb5 0-0-0 9. Bxc6 bxc6 10. Bd2 e5 11. Ne4 Qd5 12. Bg5 Qa5+ 13. Qd2 Qxd2+ 14. Nxd2 exd4 15. 0-0-0 Be7 16. Nb3 c5 17. Rhe1 Rhe8 18. Nf4 Bg6 19. Re5 Bd6 20. Rxe8 Rxe8 21. g3 Nd7 22. Nxg6 hxg6 23. c3 dxc3 24. bxc3 f6 25. Bd2 Re2 26. Rh1 Ne5 27. f4 Nf3 28. Kd1 Rxh2 29. Rxh2 Nxh2 30. Be3 Ng4 31. Bg1 g5 32. fxg5 Bxg3 33. gxf6 gxf6 34. Ke2 Be5 35. Bxc5 a6 36. c4 Kd7 37. Bg1 Kc6 38. Na5+ Kd7 39. Nb3 Bd6 40. Bd4 Ne5 41. Nd2 Bb4 42. Ne4 Ke6 43. c5 Kd5 44. Ke3 Ng4+ 45. Kd3 f5 46. Nc3+ Bxc3 47. Kxc3 f4 48. a3 f3 49. a4 f2 50. Bxf2 Nxf2 51. Kb4 Nd3+ 52. Ka5 Nxc5 0-1

[Event "Busevec op U20 Girls"]
[Site "Busevec"]
[Date "2009.06.12"]
[Round "4"]
[White "Kiss, Kinga"]
[Black "Hitter, Gabriela"]
[Result "1/2-1/2"]
[WhiteElo "2123"]
[BlackElo "2026"]
[PlyCount "22"]
[EventDate "2009.06.11"]
[EventType "swiss"]
[EventRounds "7"]
[EventCountry "CRO"]
[SourceTitle "CBM 130 Extra"]
[Source "ChessBase"]
[SourceDate "2009.07.02"]
[SourceVersion "2"]
[SourceVersionDate "2009.07.15"]
[SourceQuality "1"]

1. e4 c5 2. Nf3 d6 3. d4 cxd4 4. Nxd4 Nf6 5. Nc3 a6 6. Be2 e5 7. Nb3 Be7 8. 0-0 Be6 9. Be3 Nbd7 10. a4 0-0 11. f3 Qc7 1/2-1/2

[Event "Busevec op U20 Girls"]
[Site "Busevec"]
[Date "2009.06.11"]
[Round "1"]
[White "Mihajlovic, Sladjana"]
[Black "Kiss, Kinga"]
[Result "0-1"]
[WhiteElo "1766"]
[BlackElo "2123"]
[PlyCount "60"]
[EventDate "2009.06.11"]
[EventType "swiss"]
[EventRounds "7"]
[EventCountry "CRO"]
[SourceTitle "CBM 130 Extra"]
[Source "ChessBase"]
[SourceDate "2009.07.02"]
[SourceVersion "2"]
[SourceVersionDate "2009.07.15"]
[SourceQuality "1"]

1. c4 c5 2. Nc3 Nc6 3. g3 e5 4. Bg2 Nge7 5. e3 d6 6. h3 g6 7. Nge2 Bg7 8. b3 Be6 9. Bb2 d5 10. cxd5 Nxd5 11. Ne4 b6 12. h4 0-0 13. Ng5 Bg4 14. f3 Bc8 15. Qc2 h6 16. Ne4 Bb7 17. 0-0 Qd7 18. Kh2 Rad8 19. f4 Ba6 20. Rae1 exf4 21. exf4 Nd4 22. Bxd4 cxd4 23. Nf2 Nf6 24. Bh3 d3 25. Qb1 dxe2 26. Bxd7 exf1Q 27. Rxf1 Bxf1 28. Qxf1 Rxd7 29. Qc1 Rfd8 30. d3 h5 0-1

[Event "HUN-chT2 Breyer 0809"]
[Site "Hungary"]
[Date "2009.02.08"]
[Round "7"]
[White "Kiss, Kinga"]
[Black "Banszegi, Attila"]
[Result "1-0"]
[WhiteElo "2113"]
[BlackElo "2085"]
[PlyCount "113"]
[EventDate "2008.10.26"]
[EventType "team-tourn"]
[EventRounds "11"]
[EventCountry "HUN"]
[SourceTitle "EXT 2010"]
[Source "ChessBase"]
[SourceDate "2010.11.25"]
[SourceVersion "1"]
[SourceVersionDate "2010.11.25"]
[SourceQuality "1"]
[WhiteTeam "Geniusz Tata"]
[BlackTeam "Kisber Aszar"]
[WhiteTeamCountry "HUN"]
[BlackTeamCountry "HUN"]

1. e4 e6 2. d4 d5 3. Nd2 Nf6 4. e5 Nfd7 5. f4 c5 6. c3 Nc6 7. Ndf3 cxd4 8. cxd4 Qb6 9. g3 Be7 10. Bh3 0-0 11. Ne2 f6 12. 0-0 Kh8 13. Kg2 f5 14. b3 Rg8 15. Ng5 Nd8 16. g4 h6 17. gxf5 exf5 18. Nc3 Nf8 19. Nxd5 Qc6 20. Qf3 Ng6 21. Nxe7 Nxe7 22. Qxc6 Nexc6 23. Nf3 Be6 24. Ba3 g6 25. Kf2 Bd5 26. Rad1 Ne6 27. Ke3 Rg7 28. Ne1 Rd8 29. Bd6 Rf7 30. Bg2 Nc7 31. Bxc7 Rxc7 32. Bxd5 Rxd5 33. Nc2 a5 34. Rd2 Ne7 35. Ke2 a4 36. Ne3 axb3 37. Nxd5 Nxd5 38. axb3 Rc3 39. Rf3 Rc1 40. Rd1 Rc2+ 41. Rd2 Rc1 42. Kf2 Kg7 43. Ra2 Kf7 44. Ra7 Rc7 45. h4 Ke6 46. Ra8 Ne7 47. Rd8 Rc2+ 48. Kg3 Rd2 49. Rd6+ Kf7 50. Rc3 g5 51. hxg5 hxg5 52. fxg5 Nc6 53. g6+ Kg7 54. d5 Nxe5 55. Rc7+ Kh6 56. g7+ Kh5 57. g8Q 1-0

[Event "Perenyi Memorial"]
[Site "Budapest"]
[Date "2009.01.15"]
[Round "7"]
[White "Di Giovanni, Vilmos"]
[Black "Kiss, Kinga"]
[Result "1/2-1/2"]
[WhiteElo "1947"]
[BlackElo "2129"]
[PlyCount "53"]
[EventDate "2009.01.08"]
[EventType "swiss"]
[EventRounds "9"]
[EventCountry "HUN"]
[SourceTitle "CBM 128 Extra"]
[Source "ChessBase"]
[SourceDate "2009.03.05"]
[SourceVersion "2"]
[SourceVersionDate "2009.03.25"]
[SourceQuality "1"]

1. d4 Nf6 2. Nf3 e6 3. Bf4 c5 4. e3 b6 5. c3 Bb7 6. Nbd2 Be7 7. Bd3 cxd4 8. exd4 0-0 9. 0-0 d6 10. Qe2 Nbd7 11. h3 a6 12. Rfe1 Re8 13. Ne4 Nxe4 14. Bxe4 Bxe4 15. Qxe4 Nf6 16. Qd3 b5 17. a4 Qb6 18. axb5 Qxb5 19. c4 Qb6 20. b3 Nd7 21. Be3 Qb7 22. Reb1 Nb8 23. b4 Nc6 24. b5 axb5 25. Rxa8 Rxa8 26. Rxb5 Qc7 27. d5 1/2-1/2

[Event "Val Thorens op"]
[Site "Val Thorens"]
[Date "2009.??.??"]
[Round "5"]
[White "Kiss, Kinga"]
[Black "Manolache, Marius"]
[Result "0-1"]
[WhiteElo "2146"]
[BlackElo "2479"]
[PlyCount "50"]
[EventDate "2009.07.18"]
[EventType "swiss"]
[EventRounds "9"]
[EventCountry "FRA"]
[SourceTitle "CBM 131 Extra"]
[Source "ChessBase"]
[SourceDate "2009.09.03"]
[SourceVersion "2"]
[SourceVersionDate "2009.09.16"]
[SourceQuality "1"]

1. e4 d6 2. d4 g6 3. Nc3 Bg7 4. Be3 a6 5. f4 Nd7 6. Bd3 c5 7. Nf3 Ngf6 8. dxc5 Ng4 9. Bd4 Bxd4 10. Nxd4 Nxc5 11. f5 Nf6 12. 0-0 Bd7 13. Nd5 Nxd5 14. exd5 Qb6 15. Kh1 Qxb2 16. Qg4 g5 17. Rae1 0-0-0 18. Rxe7 h5 19. Qg3 Qxd4 20. Qxd6 f6 21. Rb1 Rhe8 22. Qb6 Qxd5 23. Rxe8 Rxe8 24. Qxf6 Nxd3 25. cxd3 Bc6 0-1

[Event "HUN-chT U18"]
[Site "Miskolc"]
[Date "2008.10.29"]
[Round "4.11"]
[White "Kiss, Kinga"]
[Black "Haszon, David"]
[Result "1-0"]
[WhiteElo "2113"]
[BlackElo "2022"]
[PlyCount "97"]
[EventDate "2008.10.27"]
[EventType "team-swiss"]
[EventRounds "8"]
[EventCountry "HUN"]
[SourceTitle "EXT 2016"]
[Source "ChessBase"]
[SourceDate "2015.10.08"]
[SourceVersion "1"]
[SourceVersionDate "2015.10.08"]
[SourceQuality "1"]

1. e4 c5 2. Nf3 d6 3. d4 cxd4 4. Nxd4 Nf6 5. Nc3 a6 6. Be2 e5 7. Nb3 Be6 8. Be3 Be7 9. 0-0 0-0 10. a4 Nbd7 11. a5 Qc7 12. f3 Rac8 13. Rf2 Qc6 14. Bf1 d5 15. exd5 Nxd5 16. Nxd5 Bxd5 17. Rd2 Be6 18. Bd3 Nf6 19. Bb6 e4 20. Nd4 Bc5 21. Bxc5 Qxc5 22. Bxe4 Bd5 23. Bf5 Rce8 24. c3 Re5 25. Bd3 Nh5 26. Re2 Rg5 27. Kh1 Nf4 28. Qd2 Nxe2 29. Qxg5 Nxd4 30. Be4 Nb3 31. Bxd5 Kh8 32. Rd1 Nxa5 33. b4 Qxc3 34. bxa5 Qxa5 35. Qe7 Rd8 36. Qxb7 Qa4 37. Qb3 Qd7 38. h3 Qd6 39. Re1 Qg3 40. Qe3 h6 41. Bxf7 a5 42. Qc3 a4 43. Re8+ Rxe8 44. Bxe8 a3 45. Bf7 Qb8 46. Qxa3 Qb1+ 47. Kh2 Qb8+ 48. g3 Qd8 49. Qe3 1-0

[Event "HUN-chT U18"]
[Site "Miskolc"]
[Date "2008.10.29"]
[Round "5.4"]
[White "Nagy, Gabor"]
[Black "Kiss, Kinga"]
[Result "1-0"]
[WhiteElo "2228"]
[BlackElo "2113"]
[PlyCount "57"]
[EventDate "2008.10.27"]
[EventType "team-swiss"]
[EventRounds "8"]
[EventCountry "HUN"]
[SourceTitle "EXT 2016"]
[Source "ChessBase"]
[SourceDate "2015.10.08"]
[SourceVersion "1"]
[SourceVersionDate "2015.10.08"]
[SourceQuality "1"]

1. e4 d5 2. exd5 Qxd5 3. Nf3 Nf6 4. d4 g6 5. c4 Qd6 6. Nc3 Bg7 7. Be2 0-0 8. 0-0 c6 9. h3 b6 10. Be3 Bb7 11. Qd2 Rd8 12. Rad1 e6 13. Rfe1 Nbd7 14. a3 c5 15. Bf4 Qf8 16. d5 exd5 17. cxd5 a6 18. a4 Nb8 19. Bc4 Nc6 20. Bc7 Rd7 21. Bxb6 Nb4 22. Ne5 Rxd5 23. Nxd5 Nfxd5 24. Ba5 Bh6 25. Qe2 Nf4 26. Qg4 Bxg2 27. Nxf7 Bd5 28. Nxh6+ Qxh6 29. Rxd5 1-0

[Event "Balatonalmadi Pannonia Cup 13th"]
[Site "Balatonalmadi"]
[Date "2008.08.01"]
[Round "4"]
[White "Kimpinsky, Frank"]
[Black "Kiss, Kinga"]
[Result "1-0"]
[WhiteElo "2242"]
[BlackElo "2089"]
[PlyCount "107"]
[EventDate "2008.07.30"]
[EventType "swiss"]
[EventRounds "7"]
[EventCountry "HUN"]
[SourceTitle "CBM 125 Extra"]
[Source "ChessBase"]
[SourceDate "2008.09.01"]
[SourceVersion "1"]
[SourceVersionDate "2008.09.01"]
[SourceQuality "1"]

1. e4 c5 2. g3 Nc6 3. Bg2 g6 4. Nc3 Bg7 5. Nge2 e6 6. d3 Nge7 7. 0-0 0-0 8. Be3 d6 9. Qd2 Nd4 10. a4 Rb8 11. Bxd4 cxd4 12. Nb5 Nc6 13. Na3 a6 14. c4 Qb6 15. Nc2 a5 16. f4 Bd7 17. h3 Rbe8 18. Kh1 Nb8 19. b4 axb4 20. a5 Qa7 21. Qxb4 Qa6 22. Rfb1 Bc8 23. Qb5 e5 24. Nb4 Qxb5 25. cxb5 Nd7 26. Nd5 Nc5 27. Ra3 Be6 28. Nc7 Rc8 29. b6 Bf6 30. Kg1 Bd8 31. Nb5 Be7 32. Nc1 Na6 33. f5 Bd7 34. Na7 Rc2 35. Ra2 Rc3 36. h4 Nc5 37. Kf1 g5 38. h5 g4 39. Ne2 Rxd3 40. Rc1 Bg5 41. Rb1 Rb3 42. Rxb3 Nxb3 43. Ra3 Nc5 44. Ke1 Ba4 45. Ra1 Bc2 46. Nb5 Bxe4 47. Bxe4 Nxe4 48. a6 bxa6 49. Rxa6 d3 50. Nec3 Nc5 51. Ra7 Rb8 52. f6 Bxf6 53. Nxd6 Bg5 54. b7 1-0

[Event "Busevec op U20 Girls"]
[Site "Busevec"]
[Date "2008.05.04"]
[Round "7"]
[White "Kiss, Kinga"]
[Black "Berke, Ana"]
[Result "0-1"]
[WhiteElo "2066"]
[BlackElo "2105"]
[PlyCount "188"]
[EventDate "2008.05.01"]
[EventType "swiss"]
[EventRounds "7"]
[EventCountry "CRO"]
[SourceTitle "EXT 2009"]
[Source "ChessBase"]
[SourceDate "2008.11.26"]
[SourceVersion "1"]
[SourceVersionDate "2008.11.26"]
[SourceQuality "1"]

1. e4 c5 2. Nf3 d6 3. d4 cxd4 4. Qxd4 a6 5. Bg5 Nc6 6. Qd2 h6 7. Be3 Nf6 8. Nc3 e5 9. h3 Be6 10. 0-0-0 Be7 11. g4 b5 12. g5 hxg5 13. Nxg5 Bc4 14. Bxc4 bxc4 15. Nd5 c3 16. Qxc3 Rc8 17. Nxe7 Nxe7 18. Qb3 d5 19. exd5 Nfxd5 20. Rd3 Rb8 21. Qa4+ Kf8 22. Rhd1 Qd6 23. c4 Rh4 24. Qc2 Qb4 25. cxd5 Rc4 26. Qxc4 Qxc4+ 27. Rc3 Qxa2 28. Rc2 Nxd5 29. Bc5+ Ke8 30. Ne4 f6 31. Nd6+ Kd7 32. Nc4 Ke6 33. Rd3 Qa1+ 34. Kd2 Qh1 35. Ra3 Nf4 36. Rxa6+ Kf5 37. Ne3+ Kg6 38. b4 Rd8+ 39. Rd6 Ra8 40. Rc1 Qf3 41. Rg1+ Kh7 42. Nc2 Qe2+ 43. Kc3 Ra2 44. Rc1 e4 45. Kb3 Nd3 46. Kxa2 Nxc1+ 47. Kb2 Nd3+ 48. Kc3 Ne5 49. Rd4 f5 50. Na3 Qf3+ 51. Kb2 Nd3+ 52. Rxd3 exd3 53. Be3 Qd1 54. Kc3 Qa1+ 55. Kb3 Qe5 56. Nc4 Qe4 57. Nd2 Qg2 58. h4 Qg4 59. Bg5 f4 60. Kc3 Qf5 61. f3 Kg8 62. Ne4 Kf8 63. Kxd3 Qb5+ 64. Kc3 Qe2 65. Nd2 Qe3+ 66. Kc2 Ke8 67. Kd1 Kd7 68. Kc2 Kc6 69. Nc4 Qe2+ 70. Nd2 Qe5 71. Nc4 Qd4 72. Nd2 Qe5 73. Nc4 Qe2+ 74. Nd2 Qe5 75. Nc4 Qd4 76. Nd2 Kb5 77. Be7 Qe3 78. Bc5 Qe1 79. h5 Qh4 80. Bd4 Qxh5 81. Bc3 Qf5+ 82. Kb2 g5 83. Nb3 Qd3 84. Nd4+ Kb6 85. Kb3 g4 86. fxg4 f3 87. Nxf3 Qxf3 88. g5 Qg3 89. Kc4 Qxg5 90. Bd4+ Kb7 91. Bc5 Qf4+ 92. Kd5 Qf5+ 93. Kd6 Qd3+ 94. Ke5 Kc6 0-1

[Event "Busevec op U20 Girls"]
[Site "Busevec"]
[Date "2008.05.03"]
[Round "6"]
[White "Toth, Sarolta"]
[Black "Kiss, Kinga"]
[Result "0-1"]
[WhiteElo "2163"]
[BlackElo "2066"]
[PlyCount "102"]
[EventDate "2008.05.01"]
[EventType "swiss"]
[EventRounds "7"]
[EventCountry "CRO"]
[SourceTitle "EXT 2009"]
[Source "ChessBase"]
[SourceDate "2008.11.26"]
[SourceVersion "1"]
[SourceVersionDate "2008.11.26"]
[SourceQuality "1"]

1. c4 c5 2. Nf3 Nc6 3. g3 e5 4. Nc3 g6 5. Bg2 Bg7 6. 0-0 Nge7 7. Ne1 0-0 8. Nc2 f5 9. Ne3 d6 10. a3 f4 11. Ned5 Bg4 12. d3 g5 13. Bf3 Bxf3 14. exf3 Nd4 15. Nxe7+ Qxe7 16. g4 h5 17. h3 Kf7 18. Kg2 Rh8 19. Rb1 Rh7 20. Ne2 hxg4 21. Nxd4 gxh3+ 22. Kh2 exd4 23. Bd2 Qe6 24. b4 b6 25. bxc5 dxc5 26. Re1 Be5 27. Re4 Qf5 28. Qg1 Kf6 29. Rbe1 Re7 30. Kh1 Rh8 31. Qg4 Rh4 32. Qxf5+ Kxf5 33. a4 Rhh7 34. a5 Bd6 35. axb6 axb6 36. Rb1 Bc7 37. Rg1 Rxe4 38. fxe4+ Kf6 39. f3 h2 40. Rg2 Rh3 41. Rf2 g4 42. fxg4 Kg5 43. Re2 Rxd3 44. e5 Kxg4 45. e6 Bd6 46. e7 Bxe7 47. Rxe7 Rxd2 48. Rg7+ Kf3 49. Rg3+ Ke2 50. Rg2+ Kd1 51. Rg3 Rc2 0-1

[Event "Budapest Spring op 24th"]
[Site "Budapest"]
[Date "2008.03.28"]
[Round "8"]
[White "Hocevar, Nikola"]
[Black "Kiss, Kinga"]
[Result "1-0"]
[WhiteElo "2083"]
[BlackElo "2067"]
[PlyCount "133"]
[EventDate "2008.03.21"]
[EventType "swiss"]
[EventRounds "9"]
[EventCountry "HUN"]
[SourceTitle "CBM 123 Extra"]
[Source "ChessBase"]
[SourceDate "2008.05.06"]
[SourceVersion "1"]
[SourceVersionDate "2008.05.06"]
[SourceQuality "1"]

1. Nf3 c5 2. c4 Nf6 3. Nc3 Nc6 4. g3 d5 5. cxd5 Nxd5 6. Bg2 Nc7 7. d3 g6 8. Be3 Ne6 9. 0-0 Bg7 10. Qc1 0-0 11. Bh6 Rb8 12. Bxg7 Kxg7 13. Ng5 Ncd4 14. Nxe6+ Bxe6 15. e3 Nf5 16. Ne4 b6 17. Qc3+ Kg8 18. Rfd1 Rc8 19. Ng5 Bd7 20. Nf3 Bc6 21. b4 cxb4 22. Qxb4 Qc7 23. e4 Ng7 24. Rac1 Qd6 25. Qxd6 exd6 26. Nd4 Ba4 27. Re1 Ne6 28. Nxe6 fxe6 29. d4 e5 30. dxe5 dxe5 31. Bh3 Rc2 32. Rxc2 Bxc2 33. Be6+ Kg7 34. Bd5 Rd8 35. Rc1 Ba4 36. Rc7+ Rd7 37. Rc8 g5 38. h4 gxh4 39. gxh4 Bb5 40. Kg2 Re7 41. Kg3 Kf6 42. f4 Rg7+ 43. Kf3 Bd7 44. Rf8+ Ke7 45. Ra8 exf4 46. Kxf4 Rg4+ 47. Ke5 Rxh4 48. Rxa7 Rh5+ 49. Kd4 Kd8 50. Rb7 b5 51. Kc5 Rg5 52. Rb8+ Ke7 53. Rh8 h5 54. Rh7+ Kd8 55. a3 Kc7 56. Kd4 Kd8 57. e5 Rg4+ 58. Kc5 Rg5 59. Kd6 Rg6+ 60. e6 Be8 61. Rh8 Rg7 62. Bc6 Re7 63. Bxe8 Rxe8 64. Rxh5 Rg8 65. Rxb5 Kc8 66. Rc5+ Kb7 67. e7 1-0

[Event "Budapest Spring op 24th"]
[Site "Budapest"]
[Date "2008.03.21"]
[Round "1"]
[White "Hoang, Thanh Trang"]
[Black "Kiss, Kinga"]
[Result "1-0"]
[WhiteElo "2475"]
[BlackElo "2067"]
[PlyCount "67"]
[EventDate "2008.03.21"]
[EventType "swiss"]
[EventRounds "9"]
[EventCountry "HUN"]
[SourceTitle "CBM 123 Extra"]
[Source "ChessBase"]
[SourceDate "2008.05.06"]
[SourceVersion "1"]
[SourceVersionDate "2008.05.06"]
[SourceQuality "1"]

1. d4 d5 2. c4 e6 3. Nc3 Nf6 4. cxd5 exd5 5. Bg5 Be7 6. e3 0-0 7. Bd3 Nbd7 8. Qc2 c6 9. Nge2 Re8 10. 0-0 Nf8 11. Rab1 a5 12. a3 g6 13. b4 Ne6 14. Bh4 Ng7 15. Rfc1 Bf5 16. Bxf6 Bxd3 17. Qxd3 Bxf6 18. b5 Nf5 19. Na4 Rc8 20. bxc6 bxc6 21. Rb6 Ne7 22. Qc3 Ra8 23. Rcb1 Qd6 24. Nc5 Reb8 25. h3 Rxb6 26. Rxb6 Nc8 27. Rb7 Bd8 28. Nd7 Bc7 29. Nf6+ Qxf6 30. Rxc7 Ne7 31. Qc5 Kf8 32. Nf4 a4 33. Nd3 Ke8 34. Rxe7+ 1-0